000 00455nam a2200181Ia 4500
001 23519
005 20260414150942.0
008 260414t2013||||xx |||||||||||||| ||spa||
041 _aESP
082 _a660.28
_bG71
100 _aGonzález Brambila, Margarita M.
_eAUT
245 0 _aIntroducción a la ingeniería de procesos
_b
260 _c2013
300 _a303 páginas :
_c25 cm.
650 _aTCA
654 _aCII
942 _cLIB
_dJUS
_fJUS
_2ddc
_n
999 _c23519
_d23519